Liedtext - Jim Beam & Voddi - Statistiken

Allgemein
  • Dieses Quiz wurde 632 mal gespielt
  • Das Durchschnittsergebnis liegt bei 301 aus 496
Antwortstatistiken
Jim Beam & Voddi % Korrekt
und
95%
Ich
94%
ich
94%
sie
93%
Sie
93%
ihr
90%
‘n
90%
Geb‘
88%
geb‘
88%
Jim
88%
Beam
86%
ein
86%
ein‘n
86%
in
86%
In
86%
in‘n
86%
komm‘
86%
im
85%
Voddi
84%
‘ne
83%
wie
83%
den
82%
angefahr‘n
81%
Arsch
81%
aus
81%
hat
80%
Nimm
80%
sieht
80%
Gib
79%
gib
79%
Pfirsich
79%
Türkin
79%
Titten
78%
die
77%
doch
77%
klein
77%
mies
77%
richtig
77%
von
77%
auf
76%
zwar
76%
Bauchnabelpiercing
75%
Desiigner
74%
kleine
74%
mit
74%
Mit
74%
zu
74%
Daimler
73%
geben
73%
miese
73%
wir
73%
dritt
72%
der
71%
Der
71%
lang
71%
Lobby
71%
ihre
70%
Lippen
70%
sind
70%
Haar
69%
nehmen
69%
nimm
69%
Nimm
69%
Body
68%
fick‘
68%
gespritzt
68%
ist
68%
Ist
68%
das
67%
Langes
67%
mieser
66%
schwarzes
66%
bin
65%
Swimmingpool
65%
tanzt
65%
Sekt
64%
gib‘s
63%
Hand
62%
springt
62%
Benz
60%
dann
60%
extravagant
60%
für
59%
charmant
58%
Schenk
57%
Schlampe
57%
Sektglas
57%
Weiber
57%
Gentleman
56%
hinten
56%
mein
56%
nicht
56%
Sex
56%
so
56%
Einsatz
55%
steigt
55%
mach‘
53%
Rum
50%
zögert
50%
Jacky
48%
Black-Express-Card
47%
Doggy
47%
Flex
47%
Guck
47%
guck
47%
Schwanz
47%
gibt
46%
Jeans
46%
Kante
46%
komme
46%
mehr
46%
Skinny
46%
tief
46%
als
45%
Bis
45%
schluckt
45%
sich
45%
Wodka
45%
Tequila
44%
will
44%
Will
44%
Benziner
43%
noch
43%
Panda
43%
Kommt
42%
kommt
42%
sechs
42%
Bacardi
41%
Liter
41%
meine
41%
sofort
41%
schamloser
40%
Suite
40%
argentinisch
39%
dazu
39%
Melodie
39%
oft
39%
Ohne
39%
schon
39%
Team
39%
bum-
38%
Fünf
38%
getanzt
38%
mein‘n
38%
mich
38%
nur
38%
einfach
37%
kennt
37%
Rumpsteak
37%
Sterne
37%
Bett
36%
Hab‘
36%
Hausparty
36%
Hobby
36%
sexy
36%
findet
35%
landen
35%
Lappi
35%
paar
35%
trotzdem
35%
Chivas
34%
denn
34%
Lines
33%
Sonne
33%
Verseh‘n
33%
Leg‘
32%
Panoramafenster
32%
Schampus
32%
du
31%
fies
31%
Luxuszimmer
31%
Belvedere
30%
rein
30%
Club
29%
zerstört
29%
ei‘m
28%
Mann
22%
nie
21%
am
20%
gefickt
20%
lutscht
20%
gleich
18%
Rambockeffekt
18%
Wampe
18%
Autorität
17%
mir
17%
Hol‘
16%
Zwei-Meter-Mann
16%
Gürtel
15%
ihn
15%
reinbeißen
15%
Drei
14%
einseifen
14%
nix
14%
süß
14%
ihrem
13%
raus
13%
Schmuck
13%
Silikon
13%
weiß
13%
Wenn
13%
zur
13%
Autos
12%
dich
12%
Klicks
12%
scheint
12%
Tanke
12%
Was
12%
was
12%
Angewichst
11%
Breitreifen
11%
geschickt
11%
Million‘n
11%
Ray-Ban
11%
steht
11%
Breakdance
10%
ganze
10%
Hunden
10%
los
10%
Viertel
10%
wird
10%
durchs
9%
Frau‘n
9%
gegen
9%
Hundefilter
9%
Kiez
9%
Knight
9%
seh‘n
9%
Turtle
9%
weg
9%
einreiten
8%
erstmal
8%
mitgerappt
8%
nach
8%
schick‘
8%
Schlampenstrich
8%
Suge
8%
Uhr
8%
Cabrio
7%
hier
7%
hol‘n
7%
Playmates
7%
tauscht
7%
Track
7%
unbedingt
7%
frech
6%
Hause
6%
ins
6%
jungen
6%
Kentucky
6%
Kurz
6%
morgens
6%
Bilder
5%
Netz
5%
Pitty
5%
reinpfeifen
5%
stellst
5%
Uns‘re
5%
bitchgeslappt
4%
Keine übereinstimmenden Quizze gefunden
Verteilung der Resultate
Anzahl Personen mit jedem Resultat
Perzentil nach korrekt beantworteten Fragen
Ihre Resultats-Entwicklung
Sie haben dieses Quiz noch nicht gespielt